[Event "Stay Safe Play from Home 160"]
[Site "T#646201Emanuel Laske"]
[Date "2020.05.20"]
[Round "2"]
[White "Lazieri3"]
[Black "Lamborghini"]
[Result "1-0"]
[WhiteElo "2101"]
[BlackElo "2308"]
[PlyCount "53"]
[EventDate "2020.05.20"]
[EventType "swiss (blitz)"]

1. e4 {[%emt 0:00:02]} g6 {[%emt 0:00:01]} 2. Nc3 {[%emt 0:00:00]} Bg7 {[%emt 0:00:00]} 3. Nf3 {[%emt 0:00:01]} c5 {[%emt 0:00:00]} 4. d4 {[%emt 0:00:00]} cxd4 {[%emt 0:00:00]} 5. Nxd4 {[%emt 0:00:00]} d6 {[%emt 0:00:01]} 6. Be3 {[%emt 0:00:01]} Nf6 {[%emt 0:00:01]} 7. Qd2 {[%emt 0:00:01]} O-O {[%emt 0:00:00]} 8. Bh6 {[%emt 0:00:01]} Bxh6 {[%emt 0:00:01]} 9. Qxh6 {[%emt 0:00:02]} Qb6 {[%emt 0:00:00]} 10. O-O-O {[%emt 0:00:02]} Nc6 {[%emt 0:00:01]} 11. Nxc6 {[%emt 0:00:01]} bxc6 {[%emt 0:00:01]} 12. h4 {[%emt 0:00:01]} Rb8 {[%emt 0:00:01]} 13. b3 {[%emt 0:00:01]} Qb4 {[%emt 0:00:02]} 14. Nb1 {[%emt 0:00:01]} Qxe4 {[%emt 0:00:02]} 15. h5 {[%emt 0:00:02]} Ng4 {[%emt 0:00:07]} 16. Qg5 {[%emt 0:00:13]} h6 {[%emt 0:00:02]} 17. Qd2 {[%emt 0:00:10]} g5 {[%emt 0:00:03]} 18. f3 {[%emt 0:00:01]} Qe5 {[%emt 0:00:02]} 19. fxg4 {[%emt 0:00:01]} Qa1 {[%emt 0:00:02]} 20. Bd3 {[%emt 0:00:02]} Qxa2 {[%emt 0:00:02]} 21. Qc3 {[%emt 0:00:01]} Be6 {[%emt 0:00:03]} 22. Rhf1 {[%emt 0:00:01]} Rb6 {[%emt 0:00:03]} 23. Rde1 {[%emt 0:00:03]} c5 {[%emt 0:00:03]} 24. Rxe6 {[%emt 0:00:01]} fxe6 {[%emt 0:00:01]} 25. Rxf8+ {[%emt 0:00:02]} Kxf8 {[%emt 0:00:01]} 26. Qh8+ {[%emt 0:00:00]} Kf7 {[%emt 0:00:01]} 27. Bg6# {[%emt 0:00:02] (Lag: Av=0.51s, max=0.9s)} 1-0

[Event "Stay Safe Play from Home 160"]
[Site "T#646201Emanuel Laske"]
[Date "2020.05.20"]
[Round "2"]
[White "Weltszmerc"]
[Black "toosieslide"]
[Result "0-1"]
[WhiteElo "2000"]
[BlackElo "2148"]
[PlyCount "92"]
[EventDate "2020.05.20"]
[EventType "swiss (blitz)"]

1. d4 {[%emt 0:00:02]} d5 {[%emt 0:00:01]} 2. c4 {[%emt 0:00:00]} c6 {[%emt 0:00:00]} 3. Nf3 {[%emt 0:00:00]} Nf6 {[%emt 0:00:02]} 4. g3 {[%emt 0:00:01]} e6 {[%emt 0:00:03]} 5. Bg2 {[%emt 0:00:02]} Nbd7 {[%emt 0:00:01]} 6. O-O {[%emt 0:00:01]} Bd6 {[%emt 0:00:00]} 7. Nbd2 {[%emt 0:00:01]} O-O {[%emt 0:00:01]} 8. Qc2 {[%emt 0:00:00]} b6 {[%emt 0:00:02]} 9. e4 {[%emt 0:00:00]} dxe4 {[%emt 0:00:00]} 10. Nxe4 {[%emt 0:00:00]} Nxe4 {[%emt 0:00:01]} 11. Qxe4 {[%emt 0:00:00]} Bb7 {[%emt 0:00:00]} 12. a3 {[%emt 0:00:03]} Qc7 {[%emt 0:00:01]} 13. Ne5 {[%emt 0:00:01]} Nxe5 {[%emt 0:00:03]} 14. dxe5 {[%emt 0:00:01]} Bxe5 {[%emt 0:00:00]} 15. f4 {[%emt 0:00:03]} Bf6 {[%emt 0:00:01]} 16. Rb1 {[%emt 0:00:02]} Rab8 {[%emt 0:00:01]} 17. b4 {[%emt 0:00:02]} c5 {[%emt 0:00:01]} 18. Qe2 {[%emt 0:00:01]} Bxg2 {[%emt 0:00:00]} 19. Kxg2 {[%emt 0:00:00]} Qc6+ {[%emt 0:00:01]} 20. Qf3 {[%emt 0:00:02]} Qxf3+ {[%emt 0:00:03]} 21. Rxf3 {[%emt 0:00:00]} cxb4 {[%emt 0:00:00]} 22. axb4 {[%emt 0:00:01]} Rfd8 {[%emt 0:00:00]} 23. Be3 {[%emt 0:00:02]} Rbc8 {[%emt 0:00:01]} 24. c5 {[%emt 0:00:01]} bxc5 {[%emt 0:00:01]} 25. Bxc5 {[%emt 0:00:00]} a5 {[%emt 0:00:02]} 26. Rf2 {[%emt 0:00:07]} axb4 {[%emt 0:00:02]} 27. Bxb4 {[%emt 0:00:00]} Rb8 {[%emt 0:00:01]} 28. Rff1 {[%emt 0:00:06]} h6 {[%emt 0:00:02]} 29. Bc5 {[%emt 0:00:02]} Rd2+ {[%emt 0:00:02]} 30. Kh3 {[%emt 0:00:01]} Rbb2 {[%emt 0:00:01]} 31. Rxb2 {[%emt 0:00:01]} Rxb2 {[%emt 0:00:00]} 32. Be3 {[%emt 0:00:00]} Re2 {[%emt 0:00:01]} 33. Bc5 {[%emt 0:00:02]} Kh7 {[%emt 0:00:00]} 34. Rf2 {[%emt 0:00:01]} Rxf2 {[%emt 0:00:01]} 35. Bxf2 {[%emt 0:00:01]} Kg6 {[%emt 0:00:00]} 36. Kg4 {[%emt 0:00:01]} h5+ {[%emt 0:00:01]} 37. Kf3 {[%emt 0:00:01]} Kf5 {[%emt 0:00:00]} 38. h3 {[%emt 0:00:00]} e5 {[%emt 0:00:01]} 39. g4+ {[%emt 0:00:00]} hxg4+ {[%emt 0:00:00]} 40. hxg4+ {[%emt 0:00:01]} Ke6 {[%emt 0:00:00]} 41. f5+ {[%emt 0:00:01]} Kd5 {[%emt 0:00:01]} 42. Be3 {[%emt 0:00:01]} e4+ {[%emt 0:00:01]} 43. Ke2 {[%emt 0:00:01]} Be5 {[%emt 0:00:02]} 44. g5 {[%emt 0:00:01]} f6 {[%emt 0:00:00]} 45. g6 {[%emt 0:00:01]} Bd6 {[%emt 0:00:00]} 46. Bh6 {[%emt 0:00:04]} Bf8 {[%emt 0:00:01] Czas partii (Lag: Av=0.96s, max=2.1s)} 0-1

[Event "Stay Safe Play from Home 160"]
[Site "T#646201Emanuel Laske"]
[Date "2020.05.20"]
[Round "2"]
[White "Haxhi Baha"]
[Black "Klari64"]
[Result "0-1"]
[WhiteElo "1940"]
[BlackElo "2268"]
[Annotator "NA"]
[PlyCount "88"]
[EventDate "2020.05.20"]
[EventType "swiss (blitz)"]

1. e4 {[%emt 0:00:01]} Nf6 {[%emt 0:00:00]} 2. e5 {[%emt 0:00:01]} Nd5 {[%emt 0:00:01]} 3. c4 {[%emt 0:00:00]} Ne3 {[%emt 0:00:01]} 4. d4 {[%emt 0:00:00]} Nxd1 {[%emt 0:00:00]} 5. Kxd1 {[%emt 0:00:01]} d6 {[%emt 0:00:01]} 6. Nc3 {[%emt 0:00:00]} dxe5 {[%emt 0:00:01]} 7. d5 {[%emt 0:00:00]} e6 {[%emt 0:00:01]} 8. f4 {[%emt 0:00:02]} exd5 {[%emt 0:00:00]} 9. cxd5 {[%emt 0:00:01]} exf4 {[%emt 0:00:00]} 10. Nf3 {[%emt 0:00:01]} Be7 {[%emt 0:00:00]} 11. Bd3 {[%emt 0:00:01]} O-O {[%emt 0:00:00]} 12. Bxf4 {[%emt 0:00:01]} c6 {[%emt 0:00:01]} 13. Kc2 {[%emt 0:00:04]} cxd5 {[%emt 0:00:01]} 14. Rad1 {[%emt 0:00:02]} Nc6 {[%emt 0:00:01]} 15. Nxd5 {[%emt 0:00:02]} Qxd5 {[%emt 0:00:02]} 16. Bxh7+ {[%emt 0:00:02]} Kxh7 {[%emt 0:00:00]} 17. Rxd5 {[%emt 0:00:01]} Nb4+ {[%emt 0:00:00]} 18. Kd2 {[%emt 0:00:04]} Nxd5 {[%emt 0:00:00]} 19. Bg3 {[%emt 0:00:01]} Be6 {[%emt 0:00:02]} 20. b3 {[%emt 0:00:01]} Rad8 {[%emt 0:00:00]} 21. Ke2 {[%emt 0:00:01]} Nf6 {[%emt 0:00:00]} 22. h3 {[%emt 0:00:01]} Rfe8 {[%emt 0:00:00]} 23. Rc1 {[%emt 0:00:02]} Bd6 {[%emt 0:00:00]} 24. Bh4 {[%emt 0:00:02]} Bg4+ {[%emt 0:00:02]} 25. Kf2 {[%emt 0:00:04]} Ne4+ {[%emt 0:00:00]} 26. Kg1 {[%emt 0:00:02]} Bxf3 {[%emt 0:00:00]} 27. gxf3 {[%emt 0:00:01]} g5 {[%emt 0:00:00]} 28. Be1 {[%emt 0:00:01]} Ng3 {[%emt 0:00:01]} 29. Kg2 {[%emt 0:00:03]} Ne2 {[%emt 0:00:00]} 30. Rc2 {[%emt 0:00:00]} Nf4+ {[%emt 0:00:01]} 31. Kf1 {[%emt 0:00:01]} Re2 {[%emt 0:00:00]} 32. Rxe2 {[%emt 0:00:03]} Nxe2 {[%emt 0:00:00]} 33. Kxe2 {[%emt 0:00:00]} Bf4 {[%emt 0:00:00]} 34. Bc3 {[%emt 0:00:02]} Re8+ {[%emt 0:00:00]} 35. Kd3 {[%emt 0:00:01]} Re3+ {[%emt 0:00:00]} 36. Kc4 {[%emt 0:00:00]} Rxc3+ {[%emt 0:00:00]} 37. Kxc3 {[%emt 0:00:00]} Kh6 {[%emt 0:00:00]} 38. Kd4 {[%emt 0:00:00]} Kh5 {[%emt 0:00:00]} 39. Ke4 {[%emt 0:00:00]} Kh4 {[%emt 0:00:00]} 40. Kf5 {[%emt 0:00:00]} Kxh3 {[%emt 0:00:00]} 41. Kf6 {[%emt 0:00:00]} Kg3 {[%emt 0:00:00]} 42. Kxf7 {[%emt 0:00:00]} Kxf3 {[%emt 0:00:00]} 43. Ke6 {[%emt 0:00:00]} g4 {[%emt 0:00:00]} 44. Kd5 {[%emt 0:00:00]} g3 {[%emt 0:00:00] Haxhi Baha resigns (Lag: Av=0.58s, max=0.7s)} 0-1

[Event "Stay Safe Play from Home 160"]
[Site "T#646201Emanuel Laske"]
[Date "2020.05.20"]
[Round "2"]
[White "Trotsky"]
[Black "Eidgenosse"]
[Result "0-1"]
[WhiteElo "1547"]
[BlackElo "2374"]
[PlyCount "52"]
[EventDate "2020.05.20"]
[EventType "swiss (blitz)"]

1. d4 {[%emt 0:00:02]} Nf6 {[%emt 0:00:01]} 2. e3 {[%emt 0:00:00]} g6 {[%emt 0:00:01]} 3. c4 {[%emt 0:00:01]} Bg7 {[%emt 0:00:00]} 4. Nc3 {[%emt 0:00:01]} O-O {[%emt 0:00:00]} 5. Bd3 {[%emt 0:00:01]} d6 {[%emt 0:00:00]} 6. Qc2 {[%emt 0:00:01]} Nbd7 {[%emt 0:00:01]} 7. Nf3 {[%emt 0:00:01]} e5 {[%emt 0:00:01]} 8. d5 {[%emt 0:00:01]} Nc5 {[%emt 0:00:01]} 9. Ng5 {[%emt 0:00:02]} a5 {[%emt 0:00:02]} 10. h4 {[%emt 0:00:02]} h6 {[%emt 0:00:01]} 11. Bxg6 {[%emt 0:00:02]} fxg6 {[%emt 0:00:02]} 12. Qxg6 {[%emt 0:00:01]} Qe8 {[%emt 0:00:01]} 13. Qc2 {[%emt 0:00:03]} e4 {[%emt 0:00:00]} 14. Ngxe4 {[%emt 0:00:14]} Nfxe4 {[%emt 0:00:02]} 15. Bd2 {[%emt 0:00:04]} Bf5 {[%emt 0:00:02]} 16. g4 {[%emt 0:00:03]} Nxc3 {[%emt 0:00:03]} 17. gxf5 {[%emt 0:00:02]} N3e4 {[%emt 0:00:06]} 18. O-O-O {[%emt 0:00:03]} Nxf2 {[%emt 0:00:03]} 19. Bc3 {[%emt 0:00:03]} Qxe3+ {[%emt 0:00:07]} 20. Bd2 {[%emt 0:00:03]} Qe4 {[%emt 0:00:02]} 21. Qxe4 {[%emt 0:00:02]} Ncxe4 {[%emt 0:00:01]} 22. Rdf1 {[%emt 0:00:01]} Nxh1 {[%emt 0:00:01]} 23. Be3 {[%emt 0:00:02]} Nhg3 {[%emt 0:00:01]} 24. Rf3 {[%emt 0:00:02]} b6 {[%emt 0:00:02]} 25. Kc2 {[%emt 0:00:01]} Rae8 {[%emt 0:00:01]} 26. Kb3 {[%emt 0:00:01]} Rxf5 {[%emt 0:00:01] Âðåìÿ (Lag: Av=0.27s, max=0.6s)} 0-1

[Event "Stay Safe Play from Home 160"]
[Site "T#646201Emanuel Laske"]
[Date "2020.05.20"]
[Round "3"]
[White "Onlyforchess"]
[Black "Mepe_Nika"]
[Result "0-1"]
[WhiteElo "2509"]
[BlackElo "2278"]
[Annotator "TA"]
[PlyCount "72"]
[EventDate "2020.05.20"]
[EventType "swiss (blitz)"]

{[%evp 23,72,-10,-10,-10,-8,-36,-23,-69,168,-318,-314,-310,-306,-281,-237,-236,-204,-220,-172,-176,-176,-204,-195,-253,-235,-251,-245,-1341,-1235,-29992,-331,-524,-206,-185,-76,-98,-90,-266,-255,-322,-324,-447,-436,-663,-472,-664,-660,-642,-634,-29998,-29999]} 1. e4 e5 2. d4 exd4 3. Nf3 Nc6 4. Bc4 Nf6 5. O-O Nxe4 6. Re1 d5 7. Bxd5 Qxd5 8. Nc3 Qh5 9. Nxe4 Be6 10. Bg5 Bd6 11. Nxd6+ cxd6 12. Bf4 Qd5 13. c3 {[%cal Rf3d4] C56: Two Knights: 4 d4 exd4 5 0-0 Nxe4.} Qf5 14. Bxd6 O-O-O 15. Nxd4 {[#] Black has an edge.} Qd5 $146 (15... Rxd6 $15 {keeps the upper hand.} 16. Nxf5 Rxd1 17. Raxd1 Bxf5) ({Predecessor:} 15... Rxd6 16. Nxf5 Rxd1 17. Raxd1 Bxf5 18. b3 Kc7 19. f3 Be6 20. Kf2 a5 21. c4 a4 {½-½ (46) Timmermans,M (2221)-Zelbel,P (2387) Vlissingen 2012}) 16. Nxc6 $4 {[%mdl 8192]} (16. Bg3 $18) 16... Qxc6 $19 17. Qd4 Rxd6 18. Qxg7 Rhd8 {Threatens to win with ...Bh3!} 19. Qxh7 Rd2 20. b3 Kb8 21. c4 Qd6 22. Qh4 a6 23. Rac1 (23. Qf6 $142) 23... Ka8 24. c5 Qc6 {Hoping for ...Rg8!} 25. b4 $2 {[#]} (25. Qa4) 25... Rg8 $1 {[%csl Gg8][%cal Rc6g2]} 26. g3 Rxa2 $2 (26... Qf3 {mates} 27. Qf4 Qxf4 28. Rf1 Bh3 29. c6 bxc6 30. Rce1 Qf3 31. Re8+ Rxe8 32. Rc1 Qg2#) 27. Rcd1 (27. Qf6 $142) 27... Rb2 $2 (27... Qf3 28. Rf1 Bd5 29. Rxd5 Qxd5) 28. Rd6 Qc7 (28... Qf3 $19 29. Qd4 Bc8) 29. Qf4 {[#] Black must now prevent Rxa6+!} Rc8 $1 30. c6 $2 (30. h4 $17) 30... bxc6 31. Rc1 Qb7 32. Qd4 Rxb4 33. Qe5 (33. Qd3 $142) 33... Rb1 34. Qe1 (34. Rdd1 $142 Rb5 35. Rc5) 34... Rxc1 35. Qxc1 Bd5 36. Qf4 Qb1+ {Accuracy: White = 24%, Black = 59%.} 0-1

[Event "Stay Safe Play from Home 160"]
[Site "T#646201Emanuel Laske"]
[Date "2020.05.20"]
[Round "3"]
[White "Karthikchess"]
[Black "Eidgenosse"]
[Result "0-1"]
[WhiteElo "2467"]
[BlackElo "2375"]
[Annotator "TA"]
[PlyCount "132"]
[EventDate "2020.05.20"]
[EventType "swiss (blitz)"]

{[%evp 15,132,27,20,0,6,-27,-9,-62,-50,-71,19,13,70,45,83,56,75,54,30,17,18,0,6,-53,77,-32,20,-20,-8,-459,-426,-410,-302,-299,530,513,552,467,495,472,400,155,222,-501,-500,-477,-404,-553,-570,-608,-182,-700,-711,-837,-714,-1019,-836,-916,-789,-5908,-611,-567,-104,-111,-108,-106,372,-127,-108,-174,-162,-385,-247,-258,-131,-137,-117,-761,-168,-149,-65,-711,-711,-1308,-674,-1308,-567,-29972,-29973,-29974,-29975,-29975,-29975,-29977,-29976,-29985,-29977,-29977,-29975,-29975,-29976,-29979,-29980,-29985,-29986,-29992,-29989,-29990,-29990,-29991,-29992,-29992,-29993,-29994,-29993,-29993,-29992,-29993,-29992]} 1. c4 d6 2. Nf3 Nf6 3. d4 g6 4. Nc3 Bg7 5. e4 O-O 6. Be2 Nbd7 7. h3 e5 8. d5 Nc5 9. Nd2 {E93: King's Indian: Classical: Petrosian System with 7...Nbd7.} a5 10. Rb1 {[#]} a4 $146 ({Predecessor:} 10... Ne8 11. Nb3 Nxb3 12. Qxb3 f5 13. Bf3 f4 14. Bd2 b6 15. a3 Rf7 16. Qd1 Qh4 17. Qe2 Nf6 18. Rd1 Nd7 19. Na4 Nb8 {½-½ (19) Cast,A (2082)-Nuritdinova,E Mallorca 2004}) 11. b4 (11. O-O $11) 11... axb3 $1 $15 12. axb3 Na6 ({Black should try} 12... Bh6 $17) 13. b4 $11 Nd7 (13... c5 $11) 14. O-O f5 15. Bd3 Nf6 16. exf5 gxf5 17. f4 e4 18. Be2 Kh8 19. Nb5 (19. Qc2 $11) 19... Qe8 (19... c6 $15 {stays ahead.} 20. Nc3 Ng4) 20. Nd4 {[#]} ({Better is} 20. Nb3 $16) 20... Qg6 (20... Nxd5 $1 $15 {[%mdl 512]} 21. cxd5 Bxd4+ 22. Kh1 Bg7) 21. Kh2 Rg8 {...Bh6 is the strong threat.} 22. c5 $2 {[%mdl 8192]} (22. g3 $1 $11) 22... dxc5 23. bxc5 Nxc5 24. Nc4 {With the idea Ne5.} Nh5 $4 {[%mdl 8192]} (24... Nxd5 $19 25. Bh5 Qa6) 25. Bxh5 $18 Qh6 26. Ne5 Bxe5 27. fxe5 Qg7 {[%csl Gg8][%cal Rg7g2]} 28. Rb2 $2 (28. Qc2 $18 Nd3 29. e6 Nxc1 30. Rbxc1 Qxd4 31. Qxc7) 28... Nd3 (28... Qxe5+ $16 29. Bf4 Qg7) 29. Bf4 $4 {[%mdl 8192]} (29. e6 $1 $18 {is the narrow road to win.} Nxb2 30. Qc2 Qe5+ 31. Kh1) 29... Nxb2 $19 {[%csl Gg8][%cal Rg7g2]} 30. Qd2 Nc4 31. Qe2 {and the idea Bf7 leaves White hopeful.} Nxe5 {Strongly threatening ...Nd3.} 32. Kh1 Ng6 $2 (32... Nd3 33. Be3 f4 $1 {[%mdl 512]}) 33. Bh2 $2 (33. Bc1 Ne5 34. Ne6 Bxe6 35. dxe6) 33... Qxd4 34. Qe1 Qg7 {And now ...Nf4! would win.} 35. Qd2 Ra6 36. Qe2 {[#]} f4 $1 37. Bxg6 (37. Bxf4 Nxf4) 37... Qxg6 38. Bxf4 {Hoping for Be5+.} Qxg2+ $2 (38... Rf8 $19 {has better winning chances.} 39. Be5+ Kg8 40. Rxf8+ Kxf8) 39. Qxg2 $17 Rxg2 40. Kxg2 $19 {[%mdl 4096] Endgame KRB-KRB} Ra5 $2 {[%mdl 8192] [#]} (40... Ra3 $17 {keeps the pressure on.} 41. Kf2 Rxh3 42. Bxc7 Rd3) 41. Be5+ $2 (41. Bh6 $1 $18 {[%cal Rf1f8]} Bxh3+ 42. Kxh3) 41... Kg8 $17 42. Bf4 (42. Rd1 $17) 42... Rxd5 $19 43. Bh6 $2 (43. Bxc7 b5 44. Ba5) 43... Rf5 44. Rc1 Be6 (44... c6 $19 45. h4 Rh5) 45. Rxc7 $17 Rf6 46. Rg7+ $2 {[%mdl 8192]} (46. Bd2 $17) 46... Kf8 $2 (46... Kh8 47. Rxb7 Rxh6) 47. Rg6+ $19 Kf7 (47... Ke7 $17 48. Rxf6 Kxf6) 48. Rxf6+ $4 {[%mdl 8192]} (48. Rg7+ $15 Kf8 49. Rg6+ Ke7 50. Rxf6 Kxf6 51. h4) 48... Kxf6 $15 {KB-KB} 49. Be3 Kf5 50. Kg3 b5 51. h4 b4 {Black mates.} 52. Bd4 b3 53. Bb2 h5 54. Bc3 Bd5 55. Bb2 Bc4 56. Kf2 Bd3 57. Ke3 Kg4 58. Bd4 Kxh4 59. Bf6+ Kg4 60. Bg5 h4 61. Bf4 h3 62. Bh2 b2 63. Be5 b1=Q 64. Bh2 Qd1 65. Kd4 Qe1 66. Ke5 Qf1 {Accuracy: White = 33%, Black = 45%.} 0-1

[Event "Stay Safe Play from Home 160"]
[Site "T#646201Emanuel Laske"]
[Date "2020.05.20"]
[Round "3"]
[White "Lamborghini"]
[Black "UHU4"]
[Result "1-0"]
[WhiteElo "2282"]
[BlackElo "1458"]
[PlyCount "47"]
[EventDate "2020.05.20"]
[EventType "swiss (blitz)"]

1. e4 {[%emt 0:00:01]} e6 {[%emt 0:00:05]} 2. d4 {[%emt 0:00:02]} d5 {[%emt 0:00:01]} 3. Nc3 {[%emt 0:00:00]} dxe4 {[%emt 0:00:01]} 4. Nxe4 {[%emt 0:00:00]} Nf6 {[%emt 0:00:01]} 5. Nxf6+ {[%emt 0:00:01]} Qxf6 {[%emt 0:00:01]} 6. Nf3 {[%emt 0:00:01]} Nc6 {[%emt 0:00:01]} 7. c3 {[%emt 0:00:01]} Be7 {[%emt 0:00:02]} 8. Bg5 {[%emt 0:00:01]} Qg6 {[%emt 0:00:03]} 9. Bf4 {[%emt 0:00:01]} O-O {[%emt 0:00:02]} 10. Bxc7 {[%emt 0:00:01]} Bd7 {[%emt 0:00:01]} 11. Bg3 {[%emt 0:00:01]} Nd8 {[%emt 0:00:06]} 12. Bd3 {[%emt 0:00:01]} Qf6 {[%emt 0:00:01]} 13. Bh4 {[%emt 0:00:02]} Qxh4 {[%emt 0:00:02]} 14. Nxh4 {[%emt 0:00:01]} Bxh4 {[%emt 0:00:00]} 15. Qh5 {[%emt 0:00:01]} Bxf2+ {[%emt 0:00:04]} 16. Kxf2 {[%emt 0:00:01]} g6 {[%emt 0:00:02]} 17. Qh6 {[%emt 0:00:02]} Nc6 {[%emt 0:00:01]} 18. h4 {[%emt 0:00:01]} Ne7 {[%emt 0:00:01]} 19. h5 {[%emt 0:00:01]} Nd5 {[%emt 0:00:14]} 20. Rae1 {[%emt 0:00:03]} Bc6 {[%emt 0:00:01]} 21. Re5 {[%emt 0:00:02]} Nf6 {[%emt 0:00:05]} 22. Qxh7+ {[%emt 0:00:00]} Nxh7 {[%emt 0:00:01]} 23. hxg6 {[%emt 0:00:01]} fxg6+ {[%emt 0:00:01]} 24. Kg3 {[%emt 0:00:02] Tiempo (Lag: Av=0.54s, max=0.7s) '} 1-0

[Event "Stay Safe Play from Home 160"]
[Site "T#646201Emanuel Laske"]
[Date "2020.05.20"]
[Round "3"]
[White "Klari64"]
[Black "Lazieri3"]
[Result "1-0"]
[WhiteElo "2273"]
[BlackElo "2127"]
[Annotator "NA"]
[PlyCount "83"]
[EventDate "2020.05.20"]
[EventType "swiss (blitz)"]

1. g3 {[%emt 0:00:03]} c6 {[%emt 0:00:00]} 2. Bg2 {[%emt 0:00:00]} d5 {[%emt 0:00:00]} 3. Nf3 {[%emt 0:00:00]} Nf6 {[%emt 0:00:00]} 4. O-O {[%emt 0:00:01]} Bf5 {[%emt 0:00:01]} 5. e4 {[%emt 0:00:01]} Qc8 {[%emt 0:00:01]} 6. exf5 {[%emt 0:00:00]} Qxf5 {[%emt 0:00:01]} 7. d4 {[%emt 0:00:00]} e6 {[%emt 0:00:02]} 8. Re1 {[%emt 0:00:00]} Bd6 {[%emt 0:00:02]} 9. Nc3 {[%emt 0:00:00]} O-O {[%emt 0:00:01]} 10. Nh4 {[%emt 0:00:02]} Qh5 {[%emt 0:00:02]} 11. Qxh5 {[%emt 0:00:01]} Nxh5 {[%emt 0:00:00]} 12. Bd2 {[%emt 0:00:01]} a6 {[%emt 0:00:02]} 13. Nf3 {[%emt 0:00:00]} Nd7 {[%emt 0:00:01]} 14. Ne5 {[%emt 0:00:01]} Nhf6 {[%emt 0:00:02]} 15. Nxd7 {[%emt 0:00:01]} Nxd7 {[%emt 0:00:00]} 16. Bf4 {[%emt 0:00:01]} Bxf4 {[%emt 0:00:01]} 17. gxf4 {[%emt 0:00:00]} c5 {[%emt 0:00:01]} 18. dxc5 {[%emt 0:00:01]} Nxc5 {[%emt 0:00:00]} 19. f5 {[%emt 0:00:01]} b5 {[%emt 0:00:02]} 20. fxe6 {[%emt 0:00:01]} fxe6 {[%emt 0:00:00]} 21. Rad1 {[%emt 0:00:00]} Rae8 {[%emt 0:00:03]} 22. Re5 {[%emt 0:00:02]} b4 {[%emt 0:00:02]} 23. Ne2 {[%emt 0:00:02]} Na4 {[%emt 0:00:01]} 24. Rxe6 {[%emt 0:00:01]} Rxe6 {[%emt 0:00:03]} 25. Bxd5 {[%emt 0:00:00]} Kf7 {[%emt 0:00:06]} 26. Nd4 {[%emt 0:00:01]} Nxb2 {[%emt 0:00:04]} 27. Re1 {[%emt 0:00:01]} Kf6 {[%emt 0:00:06]} 28. Rxe6+ {[%emt 0:00:02]} Kg5 {[%emt 0:00:01]} 29. Nf3+ {[%emt 0:00:02]} Kf5 {[%emt 0:00:02]} 30. Nd4+ {[%emt 0:00:03]} Kg5 {[%emt 0:00:02]} 31. Rxa6 {[%emt 0:00:00]} Nd1 {[%emt 0:00:02]} 32. Ne6+ {[%emt 0:00:01]} Kh6 {[%emt 0:00:01]} 33. Nxf8+ {[%emt 0:00:00]} g6 {[%emt 0:00:04]} 34. Nxg6 {[%emt 0:00:00]} hxg6 {[%emt 0:00:00]} 35. Be4 {[%emt 0:00:00]} Kg5 {[%emt 0:00:01]} 36. Rxg6+ {[%emt 0:00:00]} Kf4 {[%emt 0:00:00]} 37. Bd3 {[%emt 0:00:00]} Nc3 {[%emt 0:00:00]} 38. Rb6 {[%emt 0:00:01]} Ke5 {[%emt 0:00:00]} 39. Rxb4 {[%emt 0:00:00]} Nxa2 {[%emt 0:00:02]} 40. Rc4 {[%emt 0:00:00]} Nc1 {[%emt 0:00:01]} 41. Re4+ {[%emt 0:00:00]} Kf5 {[%emt 0:00:01]} 42. Re1+ {[%emt 0:00:00] Time (Lag: Av=0.60s, max=1.0s)} 1-0

[Event "Stay Safe Play from Home 160"]
[Site "T#646201Emanuel Laske"]
[Date "2020.05.20"]
[Round "3"]
[White "toosieslide"]
[Black "Trotsky"]
[Result "1-0"]
[WhiteElo "2158"]
[BlackElo "1547"]
[PlyCount "43"]
[EventDate "2020.05.20"]
[EventType "swiss (blitz)"]

1. d4 {[%emt 0:00:03]} d5 {[%emt 0:00:01]} 2. c4 {[%emt 0:00:02]} e6 {[%emt 0:00:00]} 3. cxd5 {[%emt 0:00:01]} exd5 {[%emt 0:00:01]} 4. Nc3 {[%emt 0:00:00]} Be6 {[%emt 0:00:01]} 5. Nf3 {[%emt 0:00:01]} c5 {[%emt 0:00:01]} 6. g3 {[%emt 0:00:01]} Nc6 {[%emt 0:00:01]} 7. Bg2 {[%emt 0:00:00]} a6 {[%emt 0:00:01]} 8. O-O {[%emt 0:00:01]} c4 {[%emt 0:00:00]} 9. e4 {[%emt 0:00:03]} Qc8 {[%emt 0:00:02]} 10. exd5 {[%emt 0:00:01]} Bd6 {[%emt 0:00:03]} 11. dxe6 {[%emt 0:00:01]} fxe6 {[%emt 0:00:01]} 12. d5 {[%emt 0:00:02]} Ne5 {[%emt 0:00:02]} 13. Nxe5 {[%emt 0:00:01]} Bxe5 {[%emt 0:00:01]} 14. dxe6 {[%emt 0:00:00]} Qxe6 {[%emt 0:00:01]} 15. Bxb7 {[%emt 0:00:01]} Rb8 {[%emt 0:00:03]} 16. Bd5 {[%emt 0:00:01]} Qd6 {[%emt 0:00:03]} 17. Re1 {[%emt 0:00:01]} Nf6 {[%emt 0:00:07]} 18. Bf4 {[%emt 0:00:02]} g5 {[%emt 0:00:06]} 19. Bxe5 {[%emt 0:00:02]} Qc5 {[%emt 0:00:03]} 20. Bd4+ {[%emt 0:00:02]} Qe7 {[%emt 0:00:03]} 21. Rxe7+ {[%emt 0:00:04]} Kxe7 {[%emt 0:00:01]} 22. Qe2+ {[%emt 0:00:00] Trotsky Ñäàåòñÿ (Lag: Av=0.35s, max=0.5s)} 1-0